Физико-химические (РН20-Т-Х) модели кристаллизации магматических оливиннормативных пород нормальной щелочности

Dettagli Bibliografici
Autore principale: Дубровский М. И. Михаил Иванович
Lingua:russo
Pubblicazione: СПб., Наука, 1993
Soggetti:
Natura: MixedMaterials Libro
KOHA link:https://koha.lib.tpu.ru/cgi-bin/koha/opac-detail.pl?biblionumber=26453

MARC

LEADER 00000nam0a2200000 4500
001 26453
005 20231030201617.0
010 |a 502024712X 
035 |a (RuTPU)RU\TPU\book\26697 
035 |a BOOK00026772 
090 |a 26453 
100 |a 20011209d1993 k y0rusy50 ca 
101 0 |a rus 
102 |a RU 
105 |a a z 001zy 
200 1 |a Физико-химические (РН20-Т-Х) модели кристаллизации магматических оливиннормативных пород нормальной щелочности  |f М. И. Дубровский 
210 |a СПб.  |c Наука  |d 1993 
215 |a 215 с.  |c ил. 
320 |a Библиогр.: с. 204-214. 
610 1 |a геология 
610 1 |a петрография 
610 1 |a горные породы 
610 1 |a щелочные породы 
610 1 |a происхождение 
610 1 |a магматические оливиннормативные породы 
675 |a 552.33  |v 3 
700 1 |a Дубровский  |b М. И.  |g Михаил Иванович 
801 0 |a RU  |b 63413507  |c 20011209  |g PSBO 
801 2 |a RU  |b 63413507  |c 20060703  |g PSBO 
942 |c BK